000 01035cam a2200253 4500
008 011019n2003 000 0 eng u
020 _a063206465X
035 _a(Sirsi) u115220
041 _aeng.
050 _a336.39
_c18
100 _aAkintoye, Akintola
_xEditor
245 _aPublic private partnerships: managing risks and opportunities
260 _aOxford
_bBlackwell
_c2003
300 _axxiv, 422p.
_c26cm.
350 _a£59.95
520 _aAims to familiarise researchers and construction professionals working with public-private partnerships (PPP) with the issues involved in the planning, implementation and day-to-day management of public-private projects. Illustrates how current risk management methods can help the process of managing procurement through such partnerships.
650 _aPUBLIC PRIVATE PARTNERSHIPS
650 _aRISK MANAGEMENT
650 _aProcurement-old
690 _aProcurement
_96260
700 _aBeck, Matthias
_xEditor
700 _aHardcastle, Cliff
_xEditor
942 _n0
999 _c101733
_d101733